|
|
|
|
| LEADER |
00856nam a2200325 4500 |
| 001 |
DLU180184633 |
| 005 |
##20180502 |
| 020 |
# |
# |
|a 9786045395851
|
| 040 |
# |
# |
|a DLU
|b vie
|
| 041 |
# |
# |
|a vie
|
| 044 |
# |
# |
|a vn
|
| 082 |
# |
# |
|a 398.209 597
|b Van
|
| 245 |
# |
# |
|a Văn học dân gian Ninh Bình.
|n t.IV /
|c Mai Đức Hạnh nghiên cứu, giới thiệu.
|
| 260 |
# |
# |
|a H. :
|b Hội nhà văn,
|c 2017.
|
| 300 |
# |
# |
|a 447 tr. ;
|c 21 cm.
|
| 504 |
# |
# |
|a Tài liệu tham khảo: tr. 437-441.
|
| 650 |
# |
# |
|a Văn học dân gian Việt Nam.
|
| 700 |
# |
# |
|a Mai Đức Hạnh,
|e nghiên cứu, giới thiệu.
|
| 923 |
# |
# |
|a 01/2018
|
| 990 |
# |
# |
|a t.IV
|
| 991 |
# |
# |
|a SH
|
| 992 |
# |
# |
|a 18000
|
| 994 |
# |
# |
|a DLU
|
| 900 |
# |
# |
|a True
|
| 911 |
# |
# |
|a Nguyễn Thanh Hương
|
| 925 |
# |
# |
|a G
|
| 926 |
# |
# |
|a A
|
| 927 |
# |
# |
|a SH
|
| 980 |
# |
# |
|a Thư viện Trường Đại học Đà Lạt
|